Statistics for NFL quiz

Click here to take the quiz!

General Stats

  • This quiz has been taken 4 times
  • The average score is 6 of 10

Answer Stats

QuestionAnswer% Correct
which team is worth over 5 billion dollarscowboys
100%
which brothers have won superbowl mvpsmanning brothers
100%
how many rings does tom brady have7
75%
First superbowl mvpbart starr
75%
most rings as a teamsteelers
75%
how many rings does the patriots have6
50%
oldest football teampackers
50%
who lost superbowl XXXVIIraiders
50%
when was the nfl created1920
25%
worst team in 2011 seasonbills
0%

Score Distribution

Percentile by Number Answered

Percent of People with Each Score

Your Score History

You have not taken this quiz